Top 10 Largest Countries GDP - Statistics

General Stats
  • This quiz has been taken 12 times
  • The average score is 9 of 10
Answer Stats
Hint Answer % Correct
$19.53T China
100%
$4.27T India
100%
$3.73T United Kingdom
100%
$30.34T USA
100%
$3.28T France
91%
$4.92T Germany
91%
$4.39T Japan
91%
$2.31T Brazil
82%
$2.33T Canada
82%
$2.46T Italy
82%
No matching quizzes found
Score Distribution
Percent of People with Each Score
Percentile by Number Answered
Your Score History
You have not taken this quiz